In defense of public opinion polling /

Bibliographic Details
Main Author: Warren, Kenneth F., 1943-
Format: Book
Language:English
Published: Boulder, Colo. : Westview Press, 2001.
Subjects:

MARC

Tag First Indicator Second Indicator Subfields
LEADER 00000cam a22000004a 4500
001 in00001614621
005 20151023060037.0
008 010209s2001 coua b 001 0 eng
010 |a  2001017883 
020 |a 0813397936 (alk. paper) 
035 |a (OCoLC)ocm46240255 
040 |a DLC  |c DLC  |d C#P  |d UtOrBLW 
042 |a pcc 
043 |a n-us--- 
049 |a TXAM 
050 0 0 |a HM1236  |b .W37 2001 
082 0 0 |a 303.3/8/0973  |2 21 
100 1 |a Warren, Kenneth F.,  |d 1943- 
245 1 0 |a In defense of public opinion polling /  |c Kenneth F. Warren. 
264 1 |a Boulder, Colo. :  |b Westview Press,  |c 2001. 
300 |a xiii, 368 pages :  |b illustrations ;  |c 24 cm. 
336 |a text  |b txt  |2 rdacontent 
337 |a unmediated  |b n  |2 rdamedia 
338 |a volume  |b nc  |2 rdacarrier 
504 |a Includes bibliographical references (pages 327-353) and index. 
650 0 |a Public opinion polls. 
650 0 |a Public opinion  |z United States. 
945 |i PromptCat 
948 |a cataloged  |b h  |c 2001/7/25  |d c  |e mphillip  |f 2:59:00 pm 
994 |a 92  |b TXA 
999 |a MARS 
999 f f |s 734027c1-45c4-371f-8830-8f8b45084223  |i ab2ed4f8-2ef4-33c4-a1fa-8d7dbb8e7938  |t 0 
952 f f |p ric  |a Texas A&M University  |b Rellis Campus  |c Joint Library Facility  |d Remote Storage  |t 0  |e HM1236 .W37 2001  |h Library of Congress classification  |i unmediated -- volume  |m A14827882446 
998 f f |a HM1236 .W37 2001  |t 0  |l Remote Storage